<?xml version="1.0" encoding="UTF-8"?>
<collection xmlns="http://www.loc.gov/MARC21/slim">
  <record>
    <leader>00000nam  2200000   4500</leader>
    <controlfield tag="001">INLIS000000000020330</controlfield>
    <controlfield tag="005">20250613094952</controlfield>
    <datafield tag="035" ind1="#" ind2="#">
      <subfield code="a">0010-0625000072</subfield>
    </datafield>
    <controlfield tag="007">ta</controlfield>
    <controlfield tag="008">250613################|##########|#|##</controlfield>
    <datafield tag="084" ind1="#" ind2="#">
      <subfield code="a">R 0009 PKN I 2024</subfield>
    </datafield>
    <datafield tag="100" ind1=" " ind2="#">
      <subfield code="a">Andi Abubakar</subfield>
    </datafield>
    <datafield tag="245" ind1="1" ind2="#">
      <subfield code="a">Transformasi Tata Kelola Kompetensi Jabatan Fungsional Arsiparis Untuk Mendukung Reformasi Birokrasi Berdampak /</subfield>
      <subfield code="c">Andi Abubakar</subfield>
    </datafield>
    <datafield tag="250" ind1="#" ind2="#">
      <subfield code="a">1</subfield>
    </datafield>
    <datafield tag="260" ind1="#" ind2="#">
      <subfield code="a">Jakarta :</subfield>
      <subfield code="b">Pusbangkom Pimnas,</subfield>
      <subfield code="c">2024</subfield>
    </datafield>
    <datafield tag="300" ind1="#" ind2="#">
      <subfield code="a">130 :</subfield>
      <subfield code="b">ilus ;</subfield>
      <subfield code="c">29 x 21 x 1,5</subfield>
    </datafield>
    <datafield tag="650" ind1="#" ind2="4">
      <subfield code="a">SDM, Jabatan Fungsional</subfield>
    </datafield>
    <datafield tag="520" ind1="#" ind2="#">
      <subfield code="a">Mencermati kondisi eksisting di atas maka Transformasi Tata Kelola&#13;
Kompetensi JFA harus dilakukan, meliputi aspek Regilasi, Implementasi, dan Sistem&#13;
Informasi Arsiparis yang dibranding menjadi SIARSIPARIS, dengan uraian&#13;
sebagaimana target jangka pendek, jangka menengah, dan jangka panjang sebagai&#13;
berikut:&#13;
1. Terget Jangka Pendek adalah Pembentukan Tim Efektif, Rancangan&#13;
PermenPANRB tentang JFA, Rancangan Perka ANRI tentang Tata Kelola&#13;
Kompetensi JFA, dan Rancangan Kepka ANRI tentang Sistem Informasi Jabatan&#13;
Fungsional Arsiparis (SIARSIPARIS);&#13;
2. Target Jangka Menengah adalah Penetapan Perka ANRI tentang Tata Kelola&#13;
Kompetensi JFA, dan Rancangan Kepka ANRI tentang Sistem Informasi&#13;
SIARSIPARIS; dan&#13;
3. Target Jangka Panjang adalah penetapan PermenPANRN tentang JFA.&#13;
Dalam implmentasi proyek perubahan terdapat dinamisasi sehingga terjadi&#13;
perubahan target output, sebagai berikut:&#13;
1. Terget Jangka Pendek adalah Pembentukan Tim Efektif, Rancangan&#13;
PermenPANRB tentang JFA, JFA, dan Rancangan Kepka ANRI tentang&#13;
SIARSIPARIS, dan Pengembangan SIARSIPARIS;&#13;
2. Target Jangka Menengah adalah Penetapan Kepka ANRI tentang SIARSIPARIS&#13;
dan Pengembangan SIARSIPARIS;&#13;
3. Target Jangka Panjang adalah penetapan PermenPANRN tentang JFA&#13;
Penetapan Perka ANRI tentang Tata Kelola Kompetensi JFA, implementasi Kepka&#13;
ANRI tentang SIARSIPARIS dan Inplementasi SIARSIPARIS.&#13;
Perubahan target output tesebut di atas disebabkan karena Perka ANRI tentang Tata&#13;
Kelola Kompetensi JFA adalah kebijakan teknis pelaksanaan (turunan) dari&#13;
PermenPANRB tentang JFA sehingga harus lebih dahulu menunggu penetapan&#13;
PermenRB. Adapun Kepka ANRI tentang SIARSIPARIS harus paralel dengan&#13;
pengembangan Aplikasi SIARSIPARIS agar terdapat relefansi antara regulasi dengan&#13;
aplikasi.&#13;
Capaian target jangka pendek tidak adalah hasil dari kinerja yang efektif dan&#13;
strategis dari unsur-unsur faktor kunci keberhasilan yaitu Kualitas SDM (Coach,&#13;
Mentor, Project Leader, Tim Efektif dan para Stakeholder), pemanfaatan infrastriktur&#13;
IT, ketersediaan anggaran, dan komitmen keberlanjutan oleh semua pihak termasuk&#13;
Pimpinan ANRI.&#13;
Adapun capaian jangka menengah dan jangka panjang diyakini akan&#13;
memberikan kontribusi yang positif dan efektif dalam optimalisasi Tingkat Digitalisasi&#13;
Arsip dan Indeks Pengawasan Kearsipan sekaligus akan mendukung tercapainya&#13;
tujuan Reformasi Birokrasi Berdampak.</subfield>
    </datafield>
    <datafield tag="856" ind1="#" ind2="#">
      <subfield code="a">Perpustakaan Pusat LAN</subfield>
    </datafield>
    <datafield tag="990" ind1="#" ind2="#">
      <subfield code="a">2024/1.2.1/A/0009</subfield>
    </datafield>
  </record>
</collection>
